Indian Ocean - World Map Sudden Death - Statistics

General Stats
  • This quiz has been taken 169 times
  • The average score is 8 of 10
Answers on the Grid
Answers color-coded by a green-red scale on the quiz's grid according to % correct below.
 
Answer Stats
Answer % Correct
98%
98%
95%
94%
82%
81%
77%
74%
66%
48%
No matching quizzes found
Score Distribution
Percent of People with Each Score
Percentile by Number Answered
Your Score History
You have not taken this quiz